000
00284 a2200109 4500
001
ART_36752
005
20260410161627.0
008
260409a
245
1
0
_a
Noticias IFRS
100
1
_a
García Fronti, Inés M.
773
0
_t
Enfoques
_g
- Nº 3 (mar. 2016)
_w
REV416
999
_c
12139
_d
12139